| 000 | 00494nam a22001577a 4500 | ||
|---|---|---|---|
| 999 |
_c9080 _d9080 |
||
| 003 | GBCCL | ||
| 005 | 20241126110704.0 | ||
| 008 | 220405b ||||| |||| 00| 0 eng d | ||
| 040 | _cgbc | ||
| 082 |
_aARCH GBC-2020 _bNGA |
||
| 100 |
_aNgaithianmuang _915841 |
||
| 245 | _aA comparative study on Biblical and contemporary parenting in the context of Evangelical Baptist Convention in New Lamka | ||
| 260 |
_aNew Lamka: _bGrace Bible College, _c2020 |
||
| 300 | _aviii, 53p. ; | ||
| 942 |
_2ddc _cTH |
||